Realizácia 3D tlače na CNC frézovacích strojoch
Gespeichert in:
| 1. Verfasser: | |
|---|---|
| Weitere Verfasser: | |
| Format: | Manuskript Buch |
| Sprache: | Slowakisch |
| Veröffentlicht: |
2025
|
| Schlagworte: | |
| Online-Zugang: | http://is.stuba.sk/zp/portal_zp.pl?podrobnosti=185603 |
| Tags: |
Keine Tags, Fügen Sie das erste Tag hinzu!
|
MARC
| LEADER | 00000ntm a22000003a 4500 | ||
|---|---|---|---|
| 001 | stuzp106488 | ||
| 003 | SK-STU | ||
| 005 | 20250621210748.4 | ||
| 007 | ta | ||
| 008 | 150427s2015----xo-----f-mn---000-0-slo-d | ||
| 040 | |a STU |b slo | ||
| 041 | 0 | |a slo | |
| 100 | 1 | |a Jandorf, Filip |u 020070 |4 aut |U SjF Strojnícka fakulta |T SjF Ústav výrobného inžinierstva a kvality produkcie |X 105078 |U J0070 |Y 804 |7 105078 | |
| 242 | 0 | 1 | |a Implementation of 3D printing on CNC milling machines |y eng |
| 245 | 1 | 0 | |a Realizácia 3D tlače na CNC frézovacích strojoch |
| 260 | |c 2025 | ||
| 650 | 4 | |a 3D tlač |2 slo | |
| 650 | 4 | |a CNC |2 slo | |
| 650 | 4 | |a hybridná výroba |2 slo | |
| 650 | 4 | |a analýza |2 slo | |
| 650 | 4 | |a 3D printing |2 eng | |
| 650 | 4 | |a CNC |2 eng | |
| 650 | 4 | |a analysis |2 eng | |
| 650 | 4 | |a hybrid production |2 eng | |
| 700 | 1 | |a Červeňan, Andrej |u 020070 |k Z1 |4 ths |U SjF Strojnícka fakulta |T SjF Ústav výrobného inžinierstva a kvality produkcie |X 2273 |U J0070 |Y 804 |7 A000002273 | |
| 856 | 4 | |u http://is.stuba.sk/zp/portal_zp.pl?podrobnosti=185603 | |